|
|
|
|
| LEADER |
00000cam a2200000 7i4500 |
| 001 |
0000050966 |
| 005 |
20020211.0 |
| 020 |
|
|
|a 0752552120
|
| 090 |
0 |
0 |
|a JF
|b LIT
|
| 245 |
0 |
0 |
|a Little red riding hood and rapunzel
|
| 260 |
|
|
|a Bath :
|b Parragon ,
|c 2000
|
| 300 |
|
|
|a p.v ;
|c 21cm.
|
| 490 |
0 |
|
|a Treasured Tales 2 in 1
|
| 650 |
0 |
0 |
|a Children's stories
|
| 999 |
|
|
|a 118352
|b BUKU
|c PINJAMAN
|e PERPUSTAKAAN KOMUNITI PETALING JAYA
|
| 999 |
|
|
|a 118354
|b BUKU
|c PINJAMAN
|e PERPUSTAKAAN KOMUNITI PETALING JAYA
|
| 999 |
|
|
|a 118398
|b BUKU
|c PINJAMAN
|e PERPUSTAKAAN KOMUNITI PETALING JAYA
|
| 999 |
|
|
|a 144958
|b BUKU
|c PINJAMAN
|e PERPUSTAKAAN KOMUNITI PETALING JAYA
|